ბათუმის შოთა რუსთაველის სახელმწიფო უნივერსიტეტის ბიბლიოთეკა

Concise Textbook of Human Physiology (ბიბ.ჩანაწერი № 57462)

000 -LEADER
fixed length control field 00608nam a22002057a 4500
005 - DATE AND TIME OF LATEST TRANSACTION
control field 20221105201537.0
008 - FIXED-LENGTH DATA ELEMENTS--GENERAL INFORMATION
fixed length control field 200624s2019 eng||||| |||| 00| 0 eng d
020 ## - INTERNATIONAL STANDARD BOOK NUMBER
International Standard Book Number 9788131252994 1
041 ## - LANGUAGE CODE
Language code of text/sound track or separate title eng
080 ## - UNIVERSAL DECIMAL CLASSIFICATION NUMBER
Universal Decimal Classification number 612 K-42
100 ## - MAIN ENTRY--PERSONAL NAME
Personal name Khurana, Indu
9 (RLIN) 8729
245 ## - TITLE STATEMENT
Title Concise Textbook of Human Physiology
250 ## - EDITION STATEMENT
Edition statement 3rd edition
264 ## - PRODUCTION, PUBLICATION, DISTRIBUTION, MANUFACTURE, AND COPYRIGHT NOTICE
Place of production, publication, distribution, manufacture Edinburg :
Name of producer, publisher, distributor, manufacturer Elsevier,
Date of production, publication, distribution, manufacture, or copyright notice 2019
300 ## - PHYSICAL DESCRIPTION
Extent 499 p.
Other physical details 30 cm.
653 ## - INDEX TERM--UNCONTROLLED
keyword მედიცინა
653 ## - INDEX TERM--UNCONTROLLED
keyword ადამიანის ფიზიოლოგია
700 ## - ADDED ENTRY--PERSONAL NAME
Personal name Khurana, Arushi
Relator term ავტორი
9 (RLIN) 8730
942 ## - ADDED ENTRY ELEMENTS (KOHA)
Source of classification or shelving scheme
Koha item type წიგნი
ეგზემპლარები
Withdrawn status Lost status Source of classification or shelving scheme Damaged status Not for loan Permanent Location Current Location Shelving location Date acquired Cost, normal purchase price Full call number Barcode Date last seen Copy number Price effective from Koha item type Public note Serial Enumeration / chronology
          ბათუმის შოთა რუსთაველის სახელმწიფო უნივერსიტეტის მთავარი ბიბლიოთეკა ბათუმის შოთა რუსთაველის სახელმწიფო უნივერსიტეტის მთავარი ბიბლიოთეკა წიგნსაცავი 2020-06-24 161.00 612 K-42 60657 2020-06-24 60657 2020-06-24 წიგნი 161 ლ.  
          ბათუმის შოთა რუსთაველის სახელმწიფო უნივერსიტეტის მთავარი ბიბლიოთეკა ბათუმის შოთა რუსთაველის სახელმწიფო უნივერსიტეტის მთავარი ბიბლიოთეკა წიგნსაცავი 2022-09-15 248.00 612 K-42 63048 2022-09-15 63048 2022-09-15 წიგნი 248 ლ. 2020 წელი
          ბათუმის შოთა რუსთაველის სახელმწიფო უნივერსიტეტის მთავარი ბიბლიოთეკა ბათუმის შოთა რუსთაველის სახელმწიფო უნივერსიტეტის მთავარი ბიბლიოთეკა წიგნსაცავი 2022-09-15 248.00 612 K-42 63049 2022-09-15 63049 2022-09-15 წიგნი 248 ლ. 2020 წელი